Traité des assurances sur la vie avec développements sur le calcul des probabilités / (Record no. 35944)

MARC details
000 -LEADER
campo de control de longitud fija 00667nam a2200193 i 4500
001 - NÚMERO DE CONTROL
campo de control 35944
003 - IDENTIFICADOR DE NÚMERO DE CONTROL
campo de control ES-MaACL
005 - FECHA Y HORA DE LA ÚLTIMA TRANSACCIÓN
campo de control 20230906155243.0
007 - CAMPO FIJO DE DESCRIPCIÓN FÍSICA--INFORMACIÓN GENERAL
campo de control de longitud fija t|
008 - DATOS DE LONGITUD FIJA--INFORMACIÓN GENERAL
campo de control de longitud fija 030214s1907 fr ||||1| fre d
100 1# - ENTRADA PRINCIPAL--NOMBRE DE PERSONA
Nombre de persona Broggi, Ugo.
9 (RLIN) 31872
245 10 - MENCIÓN DEL TÍTULO
Título Traité des assurances sur la vie avec développements sur le calcul des probabilités /
Mención de responsabilidad, etc. par Ugo Broggi ; traduit d l'italien par S. Lattes ; avec une préface de M. Achard.
260 ## - PUBLICACIÓN, DISTRIBUCIÓN, ETC.
Lugar de publicación, distribución, etc. París :
Nombre del editor, distribuidor, etc. A. Hermann,
Fecha de publicación, distribución, etc. 1907 (
Lugar de fabricación/manufactura Saint Amand :
Fabricante Bussiére)
300 ## - DESCRIPCIÓN FÍSICA
Extensión XI, 306 p. ;
Dimensiones 20 cm.
700 1# - ENTRADA AGREGADA--NOMBRE PERSONAL
Nombre de persona Lattes, S.
9 (RLIN) 70567
700 1# - ENTRADA AGREGADA--NOMBRE PERSONAL
Nombre de persona Achard, M.
9 (RLIN) 18262
852 ## - LOCALIZACIÓN
Ubicación ES-MaACL
Número de control de estantería F-8510
852 ## - LOCALIZACIÓN
Ubicación ES-MaACL
Número de control de estantería F-3149
Holdings
Estatus retirado Estado de pérdida Estado de daño No para préstamo Biblioteca de origen Biblioteca actual Ubicación en estantería Fecha de adquisición Fuente de adquisición Total de préstamos Signatura topográfica completa Código de barras Visto por última vez Precio de reemplazo Tipo de ítem Koha
        Biblioteca del Ateneo de Madrid Biblioteca del Ateneo de Madrid Depósito 2 17/01/2008     F-3149 1037680 23/02/2023 23/02/2023 Libro impreso
        Biblioteca del Ateneo de Madrid Biblioteca del Ateneo de Madrid Sala Pecera Planta 2 17/01/2008     F-8510 1037679 23/02/2023 23/02/2023 Libro impreso